| 000 -LEADER | |
|---|---|
| fixed length control field | 00381nam a22001577a 4500 |
| 005 - DATE AND TIME OF LATEST TRANSACTION | |
| control field | 20170916120059.0 |
| 008 - FIXED-LENGTH DATA ELEMENTS--GENERAL INFORMATION | |
| fixed length control field | 170916b xxu||||| |||| 00| 0 eng d |
| 020 ## - INTERNATIONAL STANDARD BOOK NUMBER | |
| ISBN | 81-318-0097-0 |
| 041 ## - LANGUAGE CODE | |
| Language code of text/sound track or separate title | eng |
| 082 ## - DEWEY DECIMAL CLASSIFICATION NUMBER | |
| Classification number | 604.2 |
| 100 ## - MAIN ENTRY--AUTHOR NAME | |
| Personal name | SIVAPRAKASAM, DR. VEDAVALLI |
| 245 ## - TITLE STATEMENT | |
| Title | ENGINEERING CHEMISTRY |
| 260 ## - PUBLICATION, DISTRIBUTION, ETC. (IMPRINT) | |
| Place of publication | BANGALORE |
| Name of publisher | LAXMI PUBLICATION |
| 300 ## - PHYSICAL DESCRIPTION | |
| Number of Pages | 153p. |
| 942 ## - ADDED ENTRY ELEMENTS (KOHA) | |
| Koha item type | Books |
| Lost status | Damaged status | Collection code | Home library | Current library | Shelving location | Date acquired | Source of acquisition | Cost, normal purchase price | Full call number | Accession Number | Koha item type |
|---|---|---|---|---|---|---|---|---|---|---|---|
| Reference | JRU Library | JRU Library | SHELF-6-E | 16/09/2017 | PURCHESS | 60.00 | 604.2 | 21943 | Books | ||
| CS/IT | JRU Library | JRU Library | SHELF-56-J | 16/09/2017 | PURCHESS | 60.00 | 604.2 | 21944 | Books | ||
| CS/IT | JRU Library | JRU Library | SHELF-56-J | 16/09/2017 | PURCHESS | 60.00 | 604.2 | 21945 | Books | ||
| CS/IT | JRU Library | JRU Library | SHELF-56-J | 16/09/2017 | PURCHESS | 60.00 | 604.2 | 21946 | Books | ||
| CS/IT | JRU Library | JRU Library | SHELF-56-J | 16/09/2017 | PURCHESS | 60.00 | 604.2 | 21947 | Books |